[Event "R1 Tournefeuille3-Montauban2"]
[Site "Montauban"]
[Date "2005.01.09"]
[Round "4"]
[White "Arigault, Thomas"]
[Black "Pinault, Mailys"]
[Result "1-0"]
[WhiteElo "1230"]
[BlackElo "1370"]
[EventDate "2005.??.??"]
[PlyCount "111"]

1.d4 d5 2.e3 Nf6 3.c4 e6 4.Nf3 Nbd7 5.b3 Ne4 6.Be2 Ndf6 7.Ne5 Nd7 8.Ng4 
Bd6 9.Nd2 Bb4 10.O-O Bxd2 11.Bxd2 O-O 12.Bb4 Re8 13.Bd3 Nef6 14.Be2 Ne4 
15.Bf3 Ndf6 16.Ne5 Ng5 17.Be2 Nd7 18.Nxd7 Bxd7 19.Bg4 Bc6 20.Bf3 Qf6 21.
Re1 Qg6 22.cxd5 exd5 23.Bh5 Qf6 24.f3 Qh6 25.f4 Ne4 26.Qg4 Nf6 27.Qg5 Qxg5
28.fxg5 Nxh5 29.g4 Nf6 30.gxf6 gxf6 31.Bd2 Bd7 32.Rf1 Kg7 33.Rf4 Re4 34.h3
Rxf4 35.exf4 Re8 36.Kf2 Re4 37.Be3 Kg6 38.Rc1 c6 39.b4 f5 40.g5 Kh5 41.b5 
cxb5 42.Rc7 Be8 43.Rxb7 Kh4 44.Rxa7 Kxh3 45.Kf3 Re6 46.Rc7 Ra6 47.Rb7 Rxa2
48.Rb6 f6 49.gxf6 Ra8 50.Rb7 h5 51.f7 Bc6 52.Rc7 Rf8 53.Rxc6 Rxf7 54.Rh6 
h4 55.Bf2 Rg7 56.Rxh4# 1-0

[Event "R1 Millau-Blaye"]
[Site "Millau"]
[Date "2005.01.09"]
[Round "4.6"]
[White "Gayraud, Christian"]
[Black "Hazak, Marcel"]
[Result "1-0"]
[WhiteElo "1430"]
[BlackElo "1300"]
[EventDate "2005.??.??"]
[PlyCount "109"]

1.e4 g6 2.d4 Bg7 3.Nf3 d6 4.Bc4 Bg4 5.Bxf7+ Kxf7 6.Ng5+ Ke8 7.Qxg4 Nf6 8.
Qf3 Nc6 9.Ne6 Qd7 10.Nxg7+ Kf7 11.Bh6 Nxd4 12.Qd3 e5 13.h3 b5 14.c3 Ne6 
15.Nxe6 Qxe6 16.O-O a6 17.Nd2 Rad8 18.Nf3 Qd7 19.Bg5 Qe6 20.Bxf6 Qxf6 21.
Qd5+ Kg7 22.Qc6 Rc8 23.Qxa6 c6 24.Qb6 Rhf8 25.Qe3 h6 26.a4 Rb8 27.a5 Ra8 
28.b4 Ra6 29.Nd2 Qh4 30.Rad1 Rf7 31.c4 Ra8 32.cxb5 cxb5 33.Qb6 Raf8 34.f3 
Qg5 35.Qxb5 Qe3+ 36.Kh1 Qg5 37.Qe2 Rf4 38.a6 Qh5 39.b5 Rh4 40.b6 Rff4 41.
Rf2 g5 42.b7 g4 43.g3 Rxh3+ 44.Rh2 gxf3 45.Qf2 Rg4 46.Rxh3 Qxh3+ 47.Qh2 
Rxg3 48.Qxh3 Rxh3+ 49.Kg1 Kg6 50.b8=Q Kg5 51.Qxd6 Kf4 52.Nf1 Kxe4 53.Re1+ 
Kf5 54.Qxe5+ Kg4 55.Re4# 1-0

[Event "R1 Millau-Blaye"]
[Site "Millau"]
[Date "2005.01.09"]
[Round "4.5"]
[White "Treillet, Robert"]
[Black "Valade, Patrick"]
[Result "0-1"]
[WhiteElo "1340"]
[BlackElo "1600"]
[EventDate "2005.??.??"]
[PlyCount "50"]

1.d4 d5 2.Nc3 Nf6 3.Bg5 e6 4.e3 a6 5.a3 Be7 6.Bd3 Nbd7 7.Nf3 c5 8.b3 Qc7 
9.Qd2 Bd6 10.g3 h6 11.dxc5 Qxc5 12.Bf4 e5 13.b4 Qc7 14.Bf5 exf4 15.exf4 
O-O 16.Nxd5 Nxd5 17.Qxd5 Nf6 18.Qd3 Re8+ 19.Kf1 Bxf5 20.Qxf5 Rad8 21.Kg2 
Qc6 22.Rac1 Bb8 23.h3 Rd5 24.Nd4 Rxd4+ 25.Kh2 Rd5 0-1

[Event "R1 Millau-Blaye"]
[Site "Millau"]
[Date "2005.01.09"]
[Round "4.4"]
[White "Valat, Jean-Marie"]
[Black "Calvignac, Maurice"]
[Result "1-0"]
[WhiteElo "1590"]
[BlackElo "1630"]
[EventDate "2005.??.??"]
[PlyCount "73"]

1.e4 e5 2.Nf3 d6 3.d4 Bg4 4.dxe5 Bxf3 5.Qxf3 dxe5 6.Bc4 Qf6 7.Qb3 b6 8.O-O
Ne7 9.f4 exf4 10.Bxf4 Nbc6 11.Be3 Qd6 12.Bxf7+ Kd7 13.Na3 Kc8 14.Rad1 Qe5 
15.Be6+ Kb7 16.Bd5 Nxd5 17.exd5 Na5 18.Qd3 Bxa3 19.bxa3 Rad8 20.c4 Rhf8 
21.Bd4 Rxf1+ 22.Rxf1 Qe7 23.Qc3 Qe2 24.Qf3 Qxf3 25.Rxf3 Nxc4 26.Bxg7 Rxd5 
27.h4 Rd7 28.Bh6 Ne5 29.Rg3 c5 30.Rg7 Rxg7 31.Bxg7 c4 32.Bxe5 Kc6 33.g4 
Kd5 34.Bc3 Ke4 35.g5 Kd3 36.Bg7 c3 37.h5 1-0

[Event "R1 Millau-Blaye"]
[Site "Millau"]
[Date "2005.01.09"]
[Round "4.3"]
[White "Chorazy, Andre"]
[Black "Jalras, Laurent"]
[Result "1/2-1/2"]
[WhiteElo "1740"]
[BlackElo "1730"]
[EventDate "2005.??.??"]
[PlyCount "115"]

1.b4 e5 2.Bb2 d6 3.b5 Nf6 4.c4 Nbd7 5.d4 c6 6.a4 a6 7.e3 axb5 8.cxb5 e4 9.
Qc2 c5 10.Be2 b6 11.Nd2 d5 12.dxc5 Nxc5 13.Nb3 Nxb3 14.Qxb3 Be6 15.Bd4 Be7
16.Bd1 Rc8 17.Ne2 Bc5 18.Nf4 Bxd4 19.exd4 Qd6 20.Nxe6 Qxe6 21.O-O O-O 22.
Be2 Rc7 23.a5 bxa5 24.Rxa5 Qb6 25.Ra6 Qxd4 26.Rfa1 Qc3 27.Qxc3 Rxc3 28.Ra8
d4 29.Bd1 g6 30.Rxf8+ Kxf8 31.Kf1 Nd5 32.Ra8+ Ke7 33.Ra6 Rc1 34.Ke1 Rb1 
35.Ra4 Rb4 36.Ra7+ Kf6 37.Rb7 Rb1 38.Kd2 Nc3 39.Bc2 Rb2 40.Kc1 Rxb5 41.
Rxb5 Nxb5 42.Bxe4 Ke5 43.Bd3 Nd6 44.f3 Kf4 45.Kd2 Nf5 46.Bc4 f6 47.Bd5 Ne3
48.g3+ Ke5 49.Bg8 h6 50.Ke2 g5 51.Bf7 Kd6 52.Bg6 Kc5 53.Bd3 Kb4 54.Kd2 
Nc4+ 55.Kc2 Ne5 56.Be4 Nd7 57.Kd3 Kc5 58.h3 1/2-1/2

[Event "R1 Millau-Blaye"]
[Site "Millau"]
[Date "2005.01.09"]
[Round "4.2"]
[White "Olle, Jean-Pierre"]
[Black "Croux, Laurent"]
[Result "1/2-1/2"]
[WhiteElo "1760"]
[BlackElo "1760"]
[EventDate "2005.??.??"]
[PlyCount "48"]

1.e4 c5 2.Nf3 d6 3.d4 cxd4 4.Nxd4 Nf6 5.Nc3 g6 6.Be3 Bg7 7.Be2 O-O 8.O-O 
Nc6 9.h3 d5 10.exd5 Nxd5 11.Nxd5 Qxd5 12.Bf3 Qc4 13.Nxc6 bxc6 14.c3 Ba6 
15.Re1 Rfd8 16.Qb3 Rab8 17.Qa3 Bb5 18.Qxe7 a5 19.Red1 Re8 20.Qc5 Qxc5 21.
Bxc5 Be2 22.Bxe2 Rxe2 23.Ba3 Bf8 24.Bxf8 Kxf8 1/2-1/2

[Event "R1 Millau-Blaye"]
[Site "Millau"]
[Date "2005.01.09"]
[Round "4.1"]
[White "Carriere, Jean-Philippe"]
[Black "Arlabosse, Nicolas"]
[Result "1-0"]
[WhiteElo "1945"]
[BlackElo "1820"]
[EventDate "2005.??.??"]
[PlyCount "61"]

1.e4 c5 2.Nf3 d6 3.d4 cxd4 4.Nxd4 Nf6 5.Nc3 g6 6.f3 Bg7 7.Be3 Nc6 8.Qd2 
O-O 9.O-O-O Nd7 10.g4 Nb6 11.h4 Nxd4 12.Bxd4 h6 13.Bxg7 Kxg7 14.Qd4+ Kh7 
15.e5 d5 16.Nxd5 Nxd5 17.Qxd5 Qb6 18.Qd4 Qa5 19.a3 Be6 20.h5 g5 21.Bd3+ 
Kg7 22.f4 Bxg4 23.Rdg1 Rad8 24.Qe4 Rxd3 25.Qxd3 Rd8 26.Qg3 Qd2+ 27.Kb1 Bf5
28.Rh2 Bxc2+ 29.Ka1 Qd3 30.Qxd3 Bxd3 31.Rd2 1-0

[Event "R1 EVT1-Vic en Bigorre"]
[Site "Vic en Bigorre"]
[Date "2005.01.09"]
[Round "4.6"]
[White "Labat, Thierry"]
[Black "Chevauché, Alain"]
[Result "1/2-1/2"]
[WhiteElo "1400"]
[BlackElo "1730"]
[EventDate "2005.??.??"]
[PlyCount "101"]

1.d4 Nf6 2.c4 e5 3.Nc3 Bb4 4.Bg5 Nc6 5.d5 Nd4 6.e3 Nf5 7.Bd3 Nd6 8.Qb3 a5 
9.Ne2 O-O 10.O-O Nde8 11.Qc2 Be7 12.Bxf6 Nxf6 13.Ne4 h6 14.Nxf6+ Bxf6 15.
Ng3 d6 16.Bf5 Bh4 17.Bxc8 Rxc8 18.Nf5 Bg5 19.Ng3 g6 20.e4 Qd7 21.h3 Kg7 
22.Rad1 Bh4 23.Ne2 f5 24.f3 f4 25.c5 dxc5 26.Qxc5 Be7 27.Qxa5 Ra8 28.Qc3 
Rxa2 29.Qxe5+ Bf6 30.Qxf4 Bd4+ 31.Nxd4 Rxf4 32.Ne6+ Kf6 33.Nxf4 Rxb2 34.
Nd3 Re2 35.Nf4 Re3 36.d6 Ra3 37.Nd5+ Ke5 38.dxc7 Qe6 39.Rc1 Ra8 40.Rb1 Rc8
41.Rxb7 Qc6 42.Rfb1 h5 43.R1b6 Qc1+ 44.Kh2 h4 45.Rb1 Qc2 46.R1b5 Ke6 47.
Rb8 Rxc7 48.Nxc7+ Qxc7+ 49.Kg1 Qc1+ 50.Kf2 Qd2+ 51.Kg1 1/2-1/2

[Event "R1 EVT1-Vic en Bigorre"]
[Site "Vic en Bigorre"]
[Date "2005.01.09"]
[Round "4.5"]
[White "Taieb, Marcel"]
[Black "Susini, Yannick"]
[Result "1-0"]
[WhiteElo "1700"]
[BlackElo "1360"]
[EventDate "2005.??.??"]
[PlyCount "61"]

1.d4 d5 2.c4 c6 3.Nc3 e6 4.Nf3 Nf6 5.Bg5 Bb4 6.Qc2 Nbd7 7.e3 Qa5 8.Bd3 Ne4
9.Bxe4 dxe4 10.Ne5 Nxe5 11.dxe5 Qxe5 12.Bf4 Qa5 13.O-O Bxc3 14.bxc3 Qf5 
15.Bd6 b6 16.Rfd1 c5 17.Qa4+ Bd7 18.Qa3 Rd8 19.Qxa7 b5 20.cxb5 Qf6 21.b6 
Bc6 22.b7 Bxb7 23.Qxb7 Rd7 24.Qc6 Qxc3 25.Bxc5 Qd3 26.Rxd3 exd3 27.Rd1 Kd8
28.Bb6+ Ke7 29.Bc5+ Kd8 30.Qa8+ Kc7 31.Qxh8 1-0

[Event "R1 EVT1-Vic en Bigorre"]
[Site "Vic en Bigorre"]
[Date "2005.01.09"]
[Round "4.4"]
[White "Moro, Sebastien"]
[Black "Saubiette, Cyrille"]
[Result "0-1"]
[WhiteElo "1499"]
[BlackElo "1730"]
[EventDate "2005.??.??"]
[PlyCount "98"]

1.e4 c6 2.Nf3 d5 3.e5 Bg4 4.Be2 Bxf3 5.Bxf3 e6 6.d4 Nd7 7.O-O h6 8.c4 dxc4
9.Be3 Ne7 10.Nc3 Nb6 11.Ne4 Nf5 12.Nc5 Bxc5 13.dxc5 Nxe3 14.fxe3 Nd5 15.
Qe2 Qg5 16.Kf2 Qxe5 17.g3 Rd8 18.Rad1 O-O 19.Rg1 Rd7 20.e4 Nf6 21.Rxd7 
Nxd7 22.Rd1 Qxc5+ 23.Kg2 Ne5 24.Rc1 Rd8 25.Rc3 Rd3 26.Rxd3 cxd3 27.Qd2 Qc2
28.Qf2 Qxf2+ 29.Kxf2 Nxf3 30.Ke3 d2 31.Ke2 g5 32.h3 f5 33.e5 Kg7 34.g4 
fxg4 35.hxg4 Nxe5 36.Kxd2 Nxg4 37.Ke2 Kf6 38.Kf3 Kf5 39.Kg3 e5 40.Kf3 e4+ 
41.Ke2 Kf4 42.b3 e3 43.a3 Nh2 44.b4 g4 45.a4 g3 46.b5 g2 47.bxc6 bxc6 48.
a5 g1=Q 49.a6 Qf1# 0-1

[Event "R1 EVT1-Vic en Bigorre"]
[Site "Vic en Bigorre"]
[Date "2005.01.09"]
[Round "4.3"]
[White "Garcia del Prado, Bruno"]
[Black "Thimognier, Victor"]
[Result "1-0"]
[WhiteElo "1660"]
[BlackElo "1540"]
[EventDate "2005.??.??"]
[PlyCount "75"]

1.e4 e6 2.d4 d5 3.Nc3 Nf6 4.e5 Nfd7 5.Bd3 c5 6.Be3 Nc6 7.Nf3 Qb6 8.Na4 
Qa5+ 9.c3 cxd4 10.Bd2 b5 11.cxd4 Qxa4 12.Bc2 Qa6 13.a3 Qb6 14.O-O Nxd4 15.
Be3 Nxf3+ 16.Qxf3 Bc5 17.Bf4 Bb7 18.Bd3 Bd4 19.Qe2 a6 20.Rfe1 O-O 21.Qh5 
Bxf2+ 22.Kh1 g6 23.Qh6 Bxe1 24.Rxe1 Qf2 25.Rf1 Qxb2 26.Rf3 d4 27.Rg3 Qf2 
28.h4 Kh8 29.h5 Rg8 30.hxg6 fxg6 31.Bxg6 Rxg6 32.Rxg6 Rg8 33.Rxg8+ Kxg8 
34.Qxe6+ Kh8 35.Qe8+ Kg7 36.Qxd7+ Kg6 37.Qe6+ Kh5 38.Qh6+ 1-0

[Event "R1 EVT1-Vic en Bigorre"]
[Site "Vic en Bigorre"]
[Date "2005.01.09"]
[Round "4.2"]
[White "Labat, Jory"]
[Black "Alonso, Jesus"]
[Result "0-1"]
[WhiteElo "1650"]
[BlackElo "1830"]
[EventDate "2005.??.??"]
[PlyCount "62"]

1.d4 e6 2.c4 Nf6 3.Nf3 Bb4+ 4.Bd2 Bxd2+ 5.Qxd2 b6 6.Nc3 Bb7 7.d5 O-O 8.g3 
exd5 9.cxd5 d6 10.Bh3 Re8 11.O-O Nbd7 12.Rac1 Nc5 13.Qd4 Bc8 14.Bxc8 Qxc8 
15.b4 Nce4 16.Nb5 Re7 17.Nd2 Nxd2 18.Qxd2 a6 19.Nxd6 Qh3 20.f3 cxd6 21.Rc6
Nxd5 22.Rxd6 Rae8 23.e4 Nc7 24.Rxb6 Rd7 25.Qc1 Red8 26.Re1 h6 27.Kf2 Qxh2+
28.Ke3 Qxg3 29.Rg1 Rd3+ 30.Ke2 Qxf3+ 31.Ke1 Rd1+ 0-1

[Event "R1 EVT1-Vic en Bigorre"]
[Site "Vic en Bigorre"]
[Date "2005.01.09"]
[Round "4.1"]
[White "Cesbron, Guy"]
[Black "Giraut, Laurent"]
[Result "1-0"]
[WhiteElo "2133"]
[BlackElo "1880"]
[EventDate "2005.??.??"]
[PlyCount "61"]

1.e4 c5 2.Nf3 Nc6 3.d4 cxd4 4.Nxd4 Nf6 5.Nc3 e6 6.Bf4 d6 7.Ndb5 e5 8.Bg5 
a6 9.Na3 b5 10.Bxf6 gxf6 11.Nd5 Bg7 12.c3 O-O 13.Nc2 f5 14.exf5 Bxf5 15.
Nce3 Be6 16.Bd3 f5 17.Qh5 e4 18.Bc2 Be5 19.g4 Ra7 20.gxf5 Bxd5 21.Nxd5 b4 
22.O-O bxc3 23.bxc3 Rg7+ 24.Kh1 Rg5 25.Rg1 Rxg1+ 26.Rxg1+ Kh8 27.Bxe4 Qd7 
28.Qh6 Rf7 29.f6 Nd8 30.f4 Qa4 31.Bxh7 1-0

[Event "R1 Colomiers2-Albi2"]
[Site "Albi"]
[Date "2005.01.09"]
[Round "4"]
[White "Reyna, Quentin"]
[Black "Artis, Paul"]
[Result "1/2-1/2"]
[WhiteElo "1490"]
[BlackElo "1490"]
[EventDate "2005.??.??"]
[PlyCount "90"]

1.e4 c6 2.d4 d5 3.exd5 cxd5 4.c4 Nf6 5.c5 Bf5 6.Nc3 Nc6 7.a3 e6 8.Nf3 Be7 
9.Be2 O-O 10.Nh4 Qd7 11.Nxf5 exf5 12.O-O Rfe8 13.b4 a6 14.h3 Ne4 15.Nxe4 
fxe4 16.f3 Bf6 17.Bb2 e3 18.Qd3 Bh4 19.Bc3 Bf2+ 20.Kh2 Re6 21.Be1 Rae8 22.
Bxf2 exf2 23.Rxf2 Re3 24.Qd2 Qe7 25.Ra2 Qh4 26.g3 Qxd4 27.Qxd4 Nxd4 28.Bd1
Rd8 29.a4 Nc6 30.b5 axb5 31.axb5 Nb4 32.Ra7 Nd3 33.Rd2 Kf8 34.c6 bxc6 35.
bxc6 Ne5 36.c7 Rc8 37.Rxd5 Ke7 38.f4 Nc6 39.Rb7 Ke6 40.Rd2 Rc3 41.Bg4+ f5 
42.Bd1 Ke7 43.Rc2 Rxc2+ 44.Bxc2 Nd4 45.Bb1 Kd6 1/2-1/2

[Event "R1 Colomiers2-Albi2"]
[Site "Albi"]
[Date "2005.01.09"]
[Round "4"]
[White "Peaud-Lenoel, Daniel"]
[Black "Campoy, Steve"]
[Result "1/2-1/2"]
[WhiteElo "1160"]
[BlackElo "1370"]
[EventDate "2005.??.??"]
[PlyCount "104"]

1.e4 e5 2.f4 exf4 3.Nf3 h6 4.d4 g5 5.Bc4 d6 6.d5 g4 7.Nd4 Qh4+ 8.Kf1 g3 9.
h3 Bg7 10.Nf3 Qh5 11.Bxf4 Bxb2 12.Nbd2 Bxa1 13.Qxa1 f6 14.Bxg3 Bg4 15.Bh4 
Bxf3 16.Nxf3 Nd7 17.g4 Qg6 18.Bd3 Nc5 19.Bb5+ Kf7 20.Bd3 Nxe4 21.Qe1 Re8 
22.Nd2 Nxd2+ 23.Qxd2 Qg7 24.Bb5 Re4 25.Kg2 f5 26.Rf1 Rxg4+ 27.hxg4 Qxg4+ 
28.Bg3 Nf6 29.Qf4 Qxf4 30.Rxf4 Nxd5 31.Rxf5+ Ke6 32.Rf3 Nb4 33.Re3+ Kf6 
34.Be1 Rg8+ 35.Kf1 Nxc2 36.Rf3+ Ke5 37.Bc3+ Kd5 38.Rf4 Rg5 39.Ke2 Na3 40.
Bd3 b5 41.Kf3 Rh5 42.Kg2 c5 43.Be2 Rg5+ 44.Kf2 b4 45.Bf3+ Ke6 46.Bg4+ Kd5 
47.Bf3+ Ke6 48.Bb2 Nc2 49.Bg4+ Kd5 50.Bf3+ Ke6 51.Bg4+ Kd5 52.Bf3+ Ke6 
1/2-1/2

[Event "R1 Colomiers2-Albi2"]
[Site "Albi"]
[Date "2005.01.09"]
[Round "4"]
[White "Paradis, François"]
[Black "Aurejac, Pierre"]
[Result "1/2-1/2"]
[WhiteElo "1499"]
[BlackElo "1490"]
[EventDate "2005.??.??"]
[PlyCount "92"]

1.e4 c6 2.d4 d5 3.Nc3 dxe4 4.Nxe4 Bf5 5.Ng3 Bg6 6.Nf3 Nd7 7.Nh4 e6 8.Nxg6 
hxg6 9.Bd3 Ngf6 10.Be3 c5 11.Qf3 cxd4 12.Bxd4 Qa5+ 13.Bc3 Qd5 14.Qxd5 Nxd5
15.Bd2 Bd6 16.O-O-O Rd8 17.Be4 N7f6 18.Bf3 b5 19.a3 Ke7 20.Bg5 Bf4+ 21.
Bxf4 Nxf4 22.h3 N6d5 23.Ne2 Nxe2+ 24.Bxe2 a6 25.Bf3 f5 26.Rhe1 Kf6 27.Bxd5
exd5 28.Kd2 g5 29.Kc3 Rh4 30.Rd4 Rc8+ 31.Kd3 Rxd4+ 32.Kxd4 Rxc2 33.Kxd5 
Rd2+ 34.Kc5 Rxb2 35.Kb6 Rxf2 36.Rg1 Ra2 37.Kxa6 b4 38.Kb5 b3 39.Kb4 g4 40.
hxg4 fxg4 41.Kxb3 Re2 42.Kb4 Ke5 43.g3 Kd4 44.Rc1 Rb2+ 45.Ka4 Ke3 46.Rc3+ 
Kf2 1/2-1/2

[Event "R1 Colomiers2-Albi2"]
[Site "Albi"]
[Date "2005.01.09"]
[Round "4"]
[White "Homere, Cédric"]
[Black "Amblard, Philippe"]
[Result "0-1"]
[WhiteElo "1530"]
[BlackElo "1490"]
[EventDate "2005.??.??"]
[PlyCount "124"]

1.e4 e6 2.Bc4 d5 3.exd5 exd5 4.Qe2+ Be6 5.Bb3 c6 6.a3 Nf6 7.d3 h6 8.Nf3 
Bd6 9.Be3 O-O 10.d4 Re8 11.h3 Bd7 12.Nbd2 b5 13.c3 a5 14.Bc2 c5 15.O-O c4 
16.Nh4 Qc8 17.Qf3 Nc6 18.Nf5 Bxf5 19.Bxf5 Qd8 20.Bf4 Ne7 21.Bc2 Bxf4 22.
Qxf4 Qb8 23.Qxb8 Raxb8 24.Nf3 Nc6 25.Bf5 Re7 26.Rab1 g6 27.Ne5 Nxe5 28.
dxe5 Rxe5 29.Bc2 Re2 30.Bd1 Re7 31.Bf3 b4 32.cxb4 axb4 33.a4 b3 34.Rfe1 
Rxe1+ 35.Rxe1 Ra8 36.Ra1 Ra5 37.Kf1 Kf8 38.Ke2 Ke7 39.Kd2 Kd6 40.Kc3 Kc5 
41.g3 Nd7 42.Re1 Nb6 43.Re7 Nxa4+ 44.Kd2 Nxb2 45.Rxf7 Nd3 46.Bxd5 Kxd5 47.
Rd7+ Kc5 48.Kc3 Ra6 49.Rc7+ Rc6 50.Rxc6+ Kxc6 51.Kxc4 b2 52.Kxd3 b1=Q+ 53.
Ke3 Kd5 54.f4 Qe4+ 55.Kf2 Kd4 56.g4 Qxf4+ 57.Kg2 Ke3 58.g5 Qxg5+ 59.Kf1 
Qh4 60.Kg1 Qf2+ 61.Kh1 Kf3 62.h4 Qg2# 0-1

[Event "R1 Colomiers2-Albi2"]
[Site "Albi"]
[Date "2005.01.09"]
[Round "4"]
[White "Avdagic, Faris"]
[Black "Krasnobroda, Maurice"]
[Result "0-1"]
[WhiteElo "1410"]
[BlackElo "1499"]
[EventDate "2005.??.??"]
[PlyCount "98"]

1.e4 e5 2.Nf3 Nc6 3.Bb5 d6 4.h3 Nf6 5.Nc3 a6 6.Ba4 Be6 7.d3 Be7 8.Be3 O-O 
9.Bxc6 bxc6 10.Qd2 Qd7 11.Ng5 h6 12.Nxe6 fxe6 13.O-O-O d5 14.f3 d4 15.Bf2 
dxc3 16.Qxc3 Nh5 17.Qxe5 Nf4 18.Be3 Nxg2 19.Rhg1 Bf6 20.Qc5 Nxe3 21.Qxe3 
Kh7 22.c3 Bg5 23.Rxg5 hxg5 24.Qxg5 Qf7 25.Rg1 Qf4+ 26.Qxf4 Rxf4 27.Kc2 
Rxf3 28.h4 Raf8 29.h5 Rf2+ 30.Kb3 Rb8+ 31.Kc4 Rb5 32.Rg6 Rf6 33.Rg4 Rxh5 
34.a4 g5 35.d4 Rf4 36.Rxf4 gxf4 37.e5 f3 38.Kd3 Rf5 39.Ke4 f2 40.c4 f1=Q 
41.d5 Rf4+ 42.Ke3 cxd5 43.cxd5 exd5 44.e6 Re4+ 45.Kd2 Qe1+ 46.Kd3 Qe2+ 47.
Kc3 Qc4+ 48.Kd2 Re2+ 49.Kd1 Qc2# 0-1

[Event "R1 Colomiers2-Albi2"]
[Site "Albi"]
[Date "2005.01.09"]
[Round "4"]
[White "Avdagic, Ajdin"]
[Black "Eb-Levadoux, Yvan"]
[Result "0-1"]
[WhiteElo "1580"]
[BlackElo "1800"]
[EventDate "2005.??.??"]
[PlyCount "36"]

1.b3 d5 2.Bb2 c5 3.e3 Bf5 4.Nf3 Nc6 5.d4 e6 6.dxc5 Nf6 7.Bb5 Rc8 8.b4 a6 
9.Bxc6+ Rxc6 10.a3 a5 11.c3 b6 12.Qa4 Qc7 13.Ne5 Qxe5 14.Qxc6+ Nd7 15.cxb6
Be4 16.O-O Bd6 17.f4 Qh5 18.Re1 Qg4 0-1

[Event "R1 CEIT5-EVT2"]
[Site "CEIT"]
[Date "2005.01.09"]
[Round "4.6"]
[White "Tomas, Vincent"]
[Black "Espineira, Jose"]
[Result "0-1"]
[WhiteElo "1099"]
[BlackElo "1470"]
[EventDate "2005.??.??"]
[PlyCount "74"]

1.e4 d6 2.Bc4 Nf6 3.Nf3 Nxe4 4.O-O d5 5.Bb3 Bg4 6.d3 Nc5 7.Be3 Nxb3 8.axb3
Nc6 9.Nc3 d4 10.Ra4 dxe3 11.Rxg4 Qd7 12.Re4 exf2+ 13.Rxf2 e6 14.d4 O-O-O 
15.Re3 Nxd4 16.Nxd4 Qxd4 17.Qd2 Qxd2 18.Rxd2 Rxd2 19.Re1 Bc5+ 20.Kh1 Rhd8 
21.h3 Bb4 22.Ne4 Rd1 23.Rxd1 Rxd1+ 24.Kh2 Bd6+ 25.g3 f5 26.Nf2 Rd2 27.Kg1 
Bc5 28.Kf1 Rxf2+ 29.Ke1 Rg2 30.c3 Rxg3 31.b4 Bb6 32.c4 Bd4 33.c5 Bxb2 34.
Kf2 Rxh3 35.b5 Kd7 36.c6+ bxc6 37.bxc6+ Kxc6 0-1

[Event "R1 CEIT5-EVT2"]
[Site "CEIT"]
[Date "2005.01.09"]
[Round "4.5"]
[White "Guirand, Solal"]
[Black "Doustens, Jean-Jacques"]
[Result "0-1"]
[WhiteElo "1499"]
[BlackElo "1410"]
[EventDate "2005.??.??"]
[PlyCount "82"]

1.c4 e5 2.Nc3 Nf6 3.g3 d6 4.Bg2 c6 5.e3 Nbd7 6.Nge2 Be7 7.O-O Nb6 8.b3 Be6
9.d4 Qc8 10.Ba3 Bh3 11.dxe5 dxe5 12.Bxe7 Kxe7 13.Qc1 Bxg2 14.Kxg2 Nbd7 15.
e4 Qg8 16.f4 Qb8 17.fxe5 Qxe5 18.Rf5 Qc7 19.Qf4 Qxf4 20.Nxf4 g6 21.Ra5 b6 
22.Ra3 Kf8 23.b4 Kg7 24.b5 Rhc8 25.Re1 Ne5 26.bxc6 Rxc6 27.Ncd5 Rxc4 28.
Nxf6 Kxf6 29.Nd5+ Kg7 30.Rae3 b5 31.R3e2 a5 32.Nb6 Rac8 33.Nxc8 Rxc8 34.
Rd1 Nc4 35.Kf2 Ne5 36.Rd5 Ng4+ 37.Kf3 h5 38.Kf4 Kh6 39.Rxb5 Rc1 40.Rb3 
Rf1+ 41.Rf3 g5+ 0-1

[Event "R1 CEIT5-EVT2"]
[Site "CEIT"]
[Date "2005.01.09"]
[Round "4.4"]
[White "Mosset, Claude"]
[Black "Benayoun, David"]
[Result "0-1"]
[WhiteElo "1330"]
[BlackElo "1610"]
[EventDate "2005.??.??"]
[PlyCount "100"]

1.e4 e5 2.Nc3 Nc6 3.Bc4 Bc5 4.d3 d6 5.Qf3 Nf6 6.Bg5 Be6 7.Bxe6 fxe6 8.
O-O-O Nd4 9.Qg3 Qe7 10.Be3 a6 11.f4 Nh5 12.Qg4 Nxf4 13.Bxf4 exf4 14.Nf3 
Nxf3 15.Qxf3 Be3+ 16.Kb1 O-O-O 17.Rhe1 c6 18.d4 e5 19.d5 Qd7 20.Rd3 c5 21.
Nd1 c4 22.Rc3 Kb8 23.Rxc4 Bc5 24.Qb3 Qb5 25.Nc3 Qxb3 26.axb3 b5 27.b4 bxc4
28.bxc5 dxc5 29.Na4 Rc8 30.Nb6 Kc7 31.Nxc4 Rhe8 32.Rd1 Rb8 33.Na5 Rb4 34.
c4 Kd6 35.Rd2 h5 36.Kc2 g5 37.Rd3 g4 38.Kc3 Rf8 39.Nc6 Rb6 40.b4 Rxc6 41.
dxc6+ Kxc6 42.Rd5 cxb4+ 43.Kxb4 Re8 44.Ka5 f3 45.Rd2 Rf8 46.Rf2 Kc5 47.h4 
Kxc4 48.Rc2+ Kd3 49.Rf2 Kxe4 50.gxf3+ gxf3 0-1

[Event "R1 CEIT5-EVT2"]
[Site "CEIT"]
[Date "2005.01.09"]
[Round "4.3"]
[White "Lafforgue, Jean-Michel"]
[Black "Torchausse, Michel"]
[Result "1-0"]
[WhiteElo "1740"]
[BlackElo "1420"]
[EventDate "2005.??.??"]
[PlyCount "109"]

1.d4 e6 2.Bf4 Nf6 3.c3 Be7 4.Qc2 b6 5.Nf3 Bb7 6.Nbd2 d6 7.e3 c5 8.dxc5 
bxc5 9.O-O-O Ng4 10.Bg3 O-O 11.Bd3 g6 12.h4 Bf6 13.h5 Ne5 14.Nxe5 dxe5 15.
hxg6 fxg6 16.Bxg6 hxg6 17.Qxg6+ Bg7 18.Qxe6+ Rf7 19.Nc4 Nd7 20.Nd6 Qe7 21.
Qxe7 Rxe7 22.Nxb7 Rb8 23.Na5 Rb6 24.Nc4 Rb7 25.Rh5 Rb8 26.Nd6 Re6 27.Nf5 
Nf6 28.Nxg7 Kxg7 29.Rxe5 Rxe5 30.Bxe5 Re8 31.Bxf6+ Kxf6 32.Kc2 Kf5 33.Rd5+
Ke4 34.Rxc5 Rg8 35.Rc4+ Kd5 36.Rd4+ Kc6 37.g3 a5 38.g4 Kc5 39.Rf4 Kb5 40.
f3 Rh8 41.Rf5+ Kb6 42.a4 Rh2+ 43.Kb3 Re2 44.e4 Re3 45.g5 Kc6 46.e5 Kd7 47.
f4 Rg3 48.Rf6 Ke7 49.g6 Rg4 50.f5 Rg5 51.Rf7+ Ke8 52.e6 Rg4 53.g7 Rg5 54.
f6 Rg4 55.Rf8# 1-0

[Event "R1 CEIT5-EVT2"]
[Site "CEIT"]
[Date "2005.01.09"]
[Round "4.2"]
[White "Faure, Stephane"]
[Black "Landes, Rene"]
[Result "1-0"]
[WhiteElo "1510"]
[BlackElo "1670"]
[EventDate "2005.??.??"]
[PlyCount "115"]

1.d4 Nf6 2.c4 e5 3.d5 Bc5 4.Nc3 O-O 5.Bg5 Bxf2+ 6.Kxf2 Ng4+ 7.Ke1 Qxg5 8.
Nf3 Qe3 9.Qd2 Qf2+ 10.Kd1 Ne3+ 11.Kc1 Nxf1 12.Qd3 Qe3+ 13.Kc2 Qxd3+ 14.
Kxd3 Nxh2 15.Rxh2 d6 16.Rah1 Bf5+ 17.e4 Bg6 18.Nh4 h6 19.g4 Na6 20.Nf5 
Nc5+ 21.Ke3 Bxf5 22.exf5 f6 23.b4 Nd7 24.Nb5 Rfc8 25.Nc3 a6 26.Ne4 b5 27.
c5 dxc5 28.bxc5 b4 29.Kd3 Rcb8 30.c6 Nb6 31.Nxf6+ Kf7 32.Nh5 Nxd5 33.Nxg7 
b3 34.Ne6 b2 35.Rb1 Nf4+ 36.Nxf4 exf4 37.Rxh6 Rh8 38.Rxh8 Rxh8 39.Rxb2 Kf6
40.Ke4 Kg5 41.Rf2 Re8+ 42.Kf3 Re5 43.Re2 Rc5 44.Re6 Rc3+ 45.Ke4 f3 46.Rg6+
Kh4 47.Kf4 Kh3 48.Rh6+ Kg2 49.Re6 f2 50.Re2 Kg1 51.Rxf2 Kxf2 52.f6 Rxc6 
53.g5 Rd6 54.f7 Rd8 55.g6 Rf8 56.Kf5 c5 57.Ke6 c4 58.g7 1-0

[Event "R1 CEIT5-EVT2"]
[Site "CEIT"]
[Date "2005.01.09"]
[Round "4.1"]
[White "Munret, Maurice"]
[Black "Hernandez, Jeremy"]
[Result "0-1"]
[WhiteElo "1760"]
[BlackElo "1510"]
[EventDate "2005.??.??"]
[PlyCount "48"]

1.e4 e5 2.Nf3 Nc6 3.Bb5 Bc5 4.c3 Nf6 5.d4 exd4 6.cxd4 Bb4+ 7.Bd2 Nxe4 8.d5
Nxd2 9.Nbxd2 Ne7 10.Qb3 Bxd2+ 11.Nxd2 c6 12.dxc6 dxc6 13.Be2 O-O 14.Nf3 
Qa5+ 15.Qc3 Qxc3+ 16.bxc3 Nd5 17.Kd2 Nf4 18.Bf1 Rd8+ 19.Kc2 Bf5+ 20.Kb2 
Bd3 21.Rd1 Bxf1 22.Rhxf1 Nxg2 23.Rg1 Nf4 24.Rge1 Nd3+ 0-1

[Event "R1 CEIT4-Gambit Muret2"]
[Site "CEIT"]
[Date "2005.01.09"]
[Round "4.6"]
[White "Callejon, Bernard"]
[Black "Arnould, Francoise"]
[Result "1-0"]
[WhiteElo "1530"]
[BlackElo "1330"]
[EventDate "2005.??.??"]
[PlyCount "77"]

1.d4 d5 2.c4 e6 3.Nc3 c5 4.e3 cxd4 5.exd4 Bb4 6.Qc2 Nc6 7.Nf3 Nge7 8.Bd3 
Nf5 9.Bxf5 exf5 10.O-O Ne7 11.Qa4+ Bd7 12.Qxb4 O-O 13.cxd5 Ng6 14.Re1 Qb6 
15.Qxb6 axb6 16.Bd2 f4 17.Ne5 Rad8 18.a4 Bf5 19.Nxg6 fxg6 20.Bxf4 Bc2 21.
Bc7 Rd7 22.Bxb6 Rdf7 23.f3 Rf5 24.Bc5 Rd8 25.Re7 Bb3 26.d6 Bd5 27.Nxd5 
Rxd5 28.Rxb7 h5 29.a5 Kh7 30.a6 Re8 31.Re7 Rd8 32.a7 Rf5 33.a8=Q Rdf8 34.
Qb7 Kh6 35.Rxg7 Kg5 36.Qe7+ R8f6 37.Bb4 h4 38.Bd2+ Rf4 39.Ra5+ 1-0

[Event "R1 CEIT4-Gambit Muret2"]
[Site "CEIT"]
[Date "2005.01.09"]
[Round "4.5"]
[White "Chevalier, Pierre"]
[Black "Spanoudakis, Serge"]
[Result "0-1"]
[WhiteElo "1300"]
[BlackElo "1550"]
[EventDate "2005.??.??"]
[PlyCount "52"]

1.e4 Nf6 2.Nc3 d5 3.d3 dxe4 4.d4 a6 5.Be3 Nc6 6.Nge2 Bf5 7.h3 e6 8.a3 Be7 
9.g4 Bg6 10.h4 Nxg4 11.Bf4 Bxh4 12.Bg3 Bxg3 13.Nxg3 f5 14.Bg2 Qxd4 15.Qxd4
Nxd4 16.O-O-O O-O-O 17.Nge2 Nxe2+ 18.Nxe2 Nxf2 19.Rxd8+ Rxd8 20.Rf1 Ng4 
21.Nf4 Rd6 22.Nxg6 hxg6 23.Rh1 Nh6 24.Bf1 Kd7 25.Rg1 e5 26.Rxg6 Rxg6 0-1